Statistiques concernant Les plus grandes destinations aériennes depuis Bruxelles - Sur une carte

Cliquez ici pour prendre le quiz!

Statistiques générales

  • Ce quiz a été pris 6 384 fois
  • Le résultat moyen est 37 sur 50

Réponses sur la Carte

Les réponses sont colorées sur une échelle allant du rouge au vert en fonction du pourcentage des utilisateurs qui les ont devinées à leur premier essai. Vous pouvez retrouver ces pourcentages ci-dessous.
 

Statistiques - réponses

VoyageursVilles% Correct
196 079Paris
99%
1 191 725Madrid
98%
675 607Londres
97%
903 299Rome
96%
1 074 248Barcelone
95%
906 930Lisbonne
95%
308 593Marseille
94%
512 987Berlin
93%
283 872Moscou
93%
503 462Dublin
92%
261 219Lyon
91%
499 483New York
91%
281 568Amsterdam
88%
385 835Nice
88%
305 272Toulouse
88%
393 412Athènes
86%
295 114Oslo
86%
470 194Porto
86%
894 241Milan
84%
802 985Istanbul
83%
636 950Varsovie
82%
486 177Vienne
81%
430 225Manchester
80%
615 005Genève
79%
231 501Helsinki
79%
416 677Stockholm
78%
358 464Dubaï
76%
439 029Munich
76%
542 160Budapest
75%
449 648Bucarest
74%
489 047Prague
73%
229 738Venise
72%
597 700Copenhague
71%
202 666Marrakech
69%
245 595Washington
69%
219 950Montréal
68%
230 076Edimbourg
67%
295 258Valence
65%
324 112Zurich
65%
229 035Casablanca
64%
226 536Luqa
59%
280 918Tel Aviv
58%
578 559Francfort
57%
673 422Malaga
53%
262 079Palma
39%
222 764Tanger
34%
406 462Tenerife
34%
203 331Goteborg
27%
610 932Alicante
26%
362 258Antalya
26%

Distribution des résultats

Percentile par nombre de réponses

% des personnes avec chaque résultat

Votre développement - résultats

Vous n’avez pas pris ce quiz